Voll und Teilkostenrechnung in der Unfall und Schaden Versicherung Strukturierung und Anwendungsmöglichkeiten

Salvato in:
Dettagli Bibliografici
Autore principale: Baumgartner, Astrid
Altri autori: Rutkowska, Małgorzata, Schneider, Claudia
Natura: Capitolo di libro
Lingua:tedesco
Tags: Aggiungi Tag
Nessun Tag, puoi essere il primo ad aggiungerne!!

MARC

LEADER 00000naa$a2200000$$$4500
001 0151286
005 20221129071953.8
041 0 |a ger 
044 |a PL 
245 1 0 |a Voll und Teilkostenrechnung in der Unfall und Schaden Versicherung Strukturierung und Anwendungsmöglichkeiten  |c Astrid Baumgartner, Małgorzata Rutkowska, Claudia Schneider 
100 1 |a Baumgartner, Astrid 
700 1 |a Rutkowska, Małgorzata 
700 1 |a Schneider, Claudia